Βοσκητική πίεση και μεταβολή του αγροτικού τοπίου στη δυτική Λέσβο : διπλωματική εργασία [μεταπτυχιακή διατριβή]
Αποθηκεύτηκε σε:
| Κύριος συγγραφέας: | |
|---|---|
| Συγγραφή απο Οργανισμό/Αρχή: | |
| Μορφή: | Thesis Βιβλίο |
| Γλώσσα: | Greek |
| Δημοσίευση: |
2010.
|
| Θέματα: | |
| Διαθέσιμο Online: | http://hdl.handle.net/11610/11337 |
| Ετικέτες: |
Προσθήκη ετικέτας
Δεν υπάρχουν, Καταχωρήστε ετικέτα πρώτοι!
|
MARC
| LEADER | 00000cam a2200000 i 4500 | ||
|---|---|---|---|
| 001 | 1/34367 | ||
| 008 | 130813s2010 gr ||| | gre|| | ||
| 035 | |l 10115261 | ||
| 040 | |a GR-MY-UA |b gre |e aacr | ||
| 041 | 0 | |a gre | |
| 082 | 0 | |a 633.202 |2 (22) | |
| 100 | 1 | |a Πέτρου, Μαρία Β. | |
| 245 | 1 | 0 | |a Βοσκητική πίεση και μεταβολή του αγροτικού τοπίου στη δυτική Λέσβο : |b διπλωματική εργασία [μεταπτυχιακή διατριβή] / |c Πέτρου Μαρία ; επιβλέπων καθηγητής: Αθανάσιος Κίζος. |
| 260 | |c 2010. | ||
| 300 | |a 75 σ. : |b πιν. ; |c 30 εκ. | ||
| 502 | |a Διατριβή (μεταπτυχιακή) - Πανεπιστήμιο Αιγαίου, Λέσβος, 2010. | ||
| 504 | |a Βιβλιογραφία: σ. 62-67, παράρτημα. | ||
| 650 | 0 | 0 | |a Grazing |z Greece |z Lesbos (Municipality) |
| 650 | 0 | |a Landscape protection |z Greece |z Lesbos (Municipality) | |
| 650 | 0 | 0 | |a Pastures |x Management |z Greece |z Lesbos (Municipality) |
| 650 | 0 | 0 | |a Dissertations, Academic |z Greece. |
| 700 | 1 | |a Κίζος, Αθανάσιος, |e dgs | |
| 710 | 2 | |a Πανεπιστήμιο Αιγαίου |b Σχολή Κοινωνικών Επιστημών |b Τμήμα Γεωγραφίας |b Μεταπτυχιακό Πρόγραμμα Σπουδών Γεωγραφία και Εφαρμοσμένη Γεωπληροφορική. | |
| 852 | |a INST |b LESVOS |c DIATR |e 20130813 |h 119 |p 005100053190 |q 005100053190 |t MTXE |y 23 | ||
| 852 | |a INST |b LESVOS |c DIATR |e 20130813 |h 120 |p 005100053189 |q 005100053189 |t MTXE |y 23 | ||
| 856 | |u http://hdl.handle.net/11610/11337 | ||
| 901 | |a BIBL1-2013-2 | ||
| 909 | |a Λ |b 181884 | ||
| 909 | |a Λ |b 181883 | ||
| 924 | |a ΠΕΤΡΟΥ |b ΜΑΡΙΑ |y Λέσβος |z 2012-10 | ||
| 970 | |a ΤΖΑΦΕΡΗ |b ΕΥΑΓΓΕΛΙΑ |z 2013/08/17 | ||